|
|
|
|
| LEADER |
00000cam a2200000 a 4500 |
| 001 |
vtls001195759 |
| 003 |
SK-MaSNL |
| 005 |
20260301233954.0 |
| 008 |
250313s1981 xo g 000 0 slo |
| 015 |
|
|
|a SNBA1981
|
| 035 |
|
|
|a SNK000138828
|
| 035 |
|
|
|a urn:nbn:sk:snk-amjubr
|
| 035 |
|
|
|a urn:nbn:sk:snk-am0084t6
|
| 035 |
|
|
|a 924642D1-504A-4BDF-BCE3-668CE163A874
|
| 040 |
|
|
|a SNK
|b slo
|c SNK
|e AACR2
|
| 041 |
0 |
|
|a slo
|
| 043 |
|
|
|a e-xo---
|
| 044 |
|
|
|a xo
|c SK
|
| 080 |
|
|
|a 796.075(437.652)"1978/1980"(083.9)
|2 1981
|
| 245 |
0 |
0 |
|a Prehľad činnosti OV ČSZTV v Martine za roky 1978-1980
|
| 250 |
|
|
|a 1. vyd.
|
| 260 |
|
|
|a Martin
|b OV ČSZTV
|c [1981]
|
| 300 |
|
|
|a 28 s.
|c 29 cm
|
| 500 |
|
|
|a Vyd. pri príležitosti konf.
|
| 610 |
2 |
7 |
|a Československý zväz telesnej výchovy.
|b Okresný výbor (Martin, Slovensko)
|2 SNKKA
|9 629344
|
| 648 |
|
7 |
|a 1978-1980
|2 SNKPH
|9 285358
|
| 651 |
|
7 |
|a Martin (Slovensko : okres)
|2 SNKPH
|9 73088
|
| 655 |
|
7 |
|a katalógy
|2 SNK
|9 60821
|
| 852 |
|
|
|a Slovenská národná knižnica
|
| 958 |
|
|
|a OND
|
| 958 |
|
|
|a BQ
|
| 958 |
|
|
|a TL
|
| 999 |
|
|
|c 968356
|d 970286
|
| 952 |
|
|
|a SNK
|b SNK
|y PREZ
|7 0
|p 17A0991697
|o snkSB 32127
|i snkKSP 6545/81
|0 0
|1 0
|4 0
|d 2014-11-28
|f 1
|l 0
|r 2025-04-04 00:00:00
|w 2026-02-24
|
| 952 |
|
|
|a SNK
|b SNK
|y VYP
|7 0
|o snkSB 32127 D1
|i snkKSP 6546/81
|0 0
|1 0
|4 0
|d 2014-11-28
|l 0
|r 2026-02-24 10:42:48
|w 2026-02-24
|